| 000 -LEADER |
| fixed length control field |
00550pam a2200169 a 4500 |
| 020 ## - INTERNATIONAL STANDARD BOOK NUMBER |
| ISBN |
0521259681 |
| 040 ## - CATALOGING SOURCE |
| Transcribing agency |
DLC |
| 082 00 - DEWEY DECIMAL CLASSIFICATION NUMBER |
| Classification number |
339 CAM 1985 A066 Or. |
| 100 1# - MAIN ENTRY--AUTHOR NAME |
| Personal name |
Weintraub, E. Roy. |
| 245 10 - TITLE STATEMENT |
| Title |
General equilibrium analysis : |
| Remainder of title |
studies in appraisal / |
| 260 ## - PUBLICATION, DISTRIBUTION, ETC. (IMPRINT) |
| Place of publication |
Cambridge [Cambridgeshire] ; |
| -- |
New York : |
| Name of publisher |
Cambridge University Press, |
| Year of publication |
1985. |
| 300 ## - PHYSICAL DESCRIPTION |
| Number of Pages |
ix, 191 p. : |
| Other physical details |
ill. ; |
| Dimensions |
24 cm. |
| 500 ## - GENERAL NOTE |
| General note |
Includes index. |
| 650 #0 - SUBJECT ADDED ENTRY--TOPICAL TERM |
| Topical Term |
Equilibrium (Economics) |
| 856 42 - ELECTRONIC LOCATION AND ACCESS |
| Uniform Resource Identifier |
http://www.loc.gov/catdir/description/cam031/84023260.html |
| 942 ## - ADDED ENTRY ELEMENTS (KOHA) |
| Koha item type |
សៀវភៅភាសាអង់គ្លេស |
| 952 ## - LOCATION AND ITEM INFORMATION (KOHA) |
| Withdrawn status [LOCAL, KOHA] |
0 |